000
00222 a2200097 4500
001
55262
100
_a
245
_a
Intzaar kartay kartay
260
_a
Islamabad
_b
Modern Book Deopt
_c
2002
090
_c
34226
_d
34226
942
_a
NUST-CAE
_c
MONOGRAPH
_c
26921
999
_c
290335
_d
290335